000 00671nam a22002177a 4500
005 20211022144259.0
008 211022b ||||| |||| 00| 0 eng d
040 _cAL
041 _aeng
082 _223
_a270.8
_bNAIN
100 _aB.Narasingaraja Naidu
_91554
245 _aNew Perspectives in Indian church History:Karnataka
260 _aBengaluru
_bDharmaram Publications
_c2020
300 _a71 p.
_bPB
_c21x14 cm.
365 _b₹100.00
_c
_d₹120.00
_f01-10-2021
440 _aDharmaram Church History Series-8
_91555
650 _aIndian Church History
_91556
650 _aKarnataka
_91557
700 _aNAIDU (B.Narasingaraja)
_91558
942 _2ddc
_cBK
999 _c216648
_d216648